000 00206 a2200097 4500
001 23504
100 _aPeters, M
245 _aMathematics a modern approach Book I
260 _a
_b
_c
090 _c15894
_d15894
942 _aNUST-CAE
_c
_c6551
999 _c258577
_d258577